Repertoire : (Record no. 82159)
[ view plain ]
| 000 -LEADER | |
|---|---|
| fixed length control field | 00600cam7a220021700 4500 |
| 001 - CONTROL NUMBER | |
| control field | qce00862246 |
| 005 - DATE AND TIME OF LATEST TRANSACTION | |
| control field | 20190816092815.0 |
| 008 - FIXED-LENGTH DATA ELEMENTS--GENERAL INFORMATION | |
| fixed length control field | 731121s1961 quc 000 0 fre |
| 010 ## - LIBRARY OF CONGRESS CONTROL NUMBER | |
| LC control number | 67111851 |
| 035 ## - SYSTEM CONTROL NUMBER | |
| System control number | (Sirsi) r124414 |
| 035 ## - SYSTEM CONTROL NUMBER | |
| System control number | (QCAT)lss00497715 |
| 035 ## - SYSTEM CONTROL NUMBER | |
| System control number | (UPRA)qce00862246 |
| 040 ## - CATALOGING SOURCE | |
| Modifying agency | UPRA |
| 050 ## - LIBRARY OF CONGRESS CALL NUMBER | |
| Classification number | PQ3919.S46 |
| Item number | R4 |
| 082 ## - DEWEY DECIMAL CLASSIFICATION NUMBER | |
| Classification number | 844 |
| 100 1# - MAIN ENTRY--PERSONAL NAME | |
| Personal name | Simard, Jean. |
| Linkage | A92538.1 |
| 245 10 - TITLE STATEMENT | |
| Title | Repertoire : |
| Remainder of title | essai / |
| Statement of responsibility, etc. | Jean Simard. |
| 260 ## - PUBLICATION, DISTRIBUTION, ETC. | |
| Place of publication, distribution, etc. | [Montreal] : |
| Name of publisher, distributor, etc. | Cercle du Livre de France, |
| Date of publication, distribution, etc. | c1961. |
| 949 ## - LOCAL PROCESSING INFORMATION (OCLC) | |
| a | PQ3919.S46 |
| w | lcc |
| i | -178676 |
| m | MAIN |
| t | BOOK |
| l | ON-SHELF |
No items available.